[Event "IND-ch U11 20th"]
[Site "Chennai"]
[Date "2006.11.07"]
[Round "5"]
[White "Bindumadhavan, Krishnaprasad"]
[Black "Abhilash, Reddy A"]
[Result "0-1"]
[WhiteElo "1406"]
[BlackElo "2031"]
[PlyCount "104"]
[EventDate "2006.11.04"]
[EventType "swiss"]
[EventRounds "11"]
[EventCountry "IND"]
[SourceTitle "EXT 2010"]
[Source "ChessBase"]
[SourceDate "2010.11.25"]
[SourceVersion "1"]
[SourceVersionDate "2010.11.25"]
[SourceQuality "1"]

1. e4 e6 2. d4 d5 3. Nc3 dxe4 4. Nxe4 Nd7 5. Nf3 Ngf6 6. Nxf6+ Nxf6 7. c3 h6 8. Bd3 Bd6 9. 0-0 0-0 10. Qc2 b6 11. h3 Bb7 12. Nd2 c5 13. dxc5 Bxc5 14. Ne4 Qe7 15. Nxf6+ Qxf6 16. Be4 Ba6 17. Bxa8 Bxf1 18. Kxf1 Rxa8 19. Qe2 Qf5 20. Be3 Rd8 21. Bxc5 Qxc5 22. Rd1 Rxd1+ 23. Qxd1 Qc4+ 24. Kg1 Qxa2 25. Qd8+ Kh7 26. Qd3+ g6 27. Qd7 Qb1+ 28. Kh2 Qf5 29. Kg1 Kg7 30. Qxa7 Qb1+ 31. Kh2 Qxb2 32. Kg1 e5 33. Qc7 Qb5 34. Qd6 Qc5 35. Qd2 b5 36. Kh1 Qc4 37. Kg1 h5 38. Kh1 h4 39. Kg1 Qf4 40. Qb2 Qc4 41. Qd2 e4 42. Kh1 Qf1+ 43. Kh2 Qd3 44. Qb2 f6 45. Kh1 g5 46. Kh2 Kg6 47. Kh1 g4 48. hxg4 Kg5 49. Qc1+ Kxg4 50. Qb2 h3 51. gxh3+ Qxh3+ 52. Kg1 Kf3 0-1